000
00297nam a2200133Ia 4500
008
191201s2006 xx 000 0 und d
082
_a
346.066
_b
KAC
100
_a
KAPOOR, GK
245
0
_a
Corporate Laws
260
_a
N. Delhi
_b
Texman
_c
2006
300
_a
MISC
650
_a
BBA
942
_2
ddc
_c
BK
999
_c
4459
_d
4459